Central Library OPAC University of Rajshahi

The Pharmacological basis of therapeutics / (Record no. 12970)

MARC details
000 -LEADER
fixed length control field 01118cam a2200349 i 4500
001 - CONTROL NUMBER
control field 12970
003 - CONTROL NUMBER IDENTIFIER
rucl marc code BD-RjUL
005 - DATE AND TIME OF LATEST TRANSACTION
control field 20211208235401.0
008 - FIXED-LENGTH DATA ELEMENTS--GENERAL INFORMATION
fixed length control field 140130s1975 nyua b 001 0 eng
020 ## - INTERNATIONAL STANDARD BOOK NUMBER
International Standard Book Number 0023447818
International Standard Book Number 0702005843 Baillere Tindall
035 ## - SYSTEM CONTROL NUMBER
System control number (BD-RjUL)13020
040 ## - CATALOGING SOURCE
Original cataloging agency DLC
Transcribing agency DLC
Modifying agency DLC
-- BD-RjUL
Language of cataloging eng
041 ## - LANGUAGE CODE
Language code of text/sound track or separate title eng
060 ## - NATIONAL LIBRARY OF MEDICINE CALL NUMBER
Classification number QV4 P535
082 00 - DEWEY DECIMAL CLASSIFICATION NUMBER
Classification number 615.7
Author mark and year PHA
245 04 - TITLE STATEMENT
Title The Pharmacological basis of therapeutics /
Statement of responsibility, etc. editors, Louis S. Goodman, Alfred Gilman, associate editors, Alfred G. Gilman, George B. Koelle.
250 ## - EDITION STATEMENT
Edition statement 5th ed.
260 ## - PUBLICATION, DISTRIBUTION, ETC. (IMPRINT)
Place of publication, distribution, etc. New York :
Name of publisher, distributor, etc. Macmillan,
Date of publication, distribution, etc. 1975.
300 ## - PHYSICAL DESCRIPTION
Pagination xvi, 1704 p. :
Illustrations ill. ;
Size 27 cm.
504 ## - BIBLIOGRAPHY, ETC. NOTE
Bibliography, etc Includes bibliographies and index.
650 #0 - SUBJECT ADDED ENTRY--TOPICAL TERM
Topical term or geographic name as entry element Pharmacology.
9 (RLIN) 34217
Topical term or geographic name as entry element Chemotherapy.
9 (RLIN) 40422
Topical term or geographic name as entry element Drug therapy.
9 (RLIN) 40423
Topical term or geographic name as entry element Pharmacology.
9 (RLIN) 34217
700 1# - ADDED ENTRY--PERSONAL NAME
Personal name Goodman, Louis Sanford,
Dates associated with a name 1906-
Personal name Gilman, Alfred,
Dates associated with a name 1908-1984.
Personal name Koelle, George B. (Assiociate Editore)
942 ## - ADDED ENTRY ELEMENTS (KOHA)
Source of classification or shelving scheme Dewey Decimal Classification
Koha item type Books
Holdings
Lost status Source of classification or shelving scheme Damaged status Not for loan Collection code Permanent Location Current Location Shelving location Date acquired Source of acquisition Cost, normal purchase price Total Checkouts Full call number Date last seen Date checked out Copy number Koha item type
  Dewey Decimal Classification     Non-fiction Central Library, University of Rajshahi Central Library, University of Rajshahi   16/04/1977 Heffer & sons 19.50 2 615.7 PHA 1975 11/01/2024 20/12/2023 C-2 Books